| 000 | 00465nam a2200169Ia 4500 | ||
|---|---|---|---|
| 008 | 230711s9999||||xx |||||||||||||| ||und|| | ||
| 020 | _a978-81-7304-965-1 | ||
| 041 | _aENG | ||
| 082 |
_a711.8 _bBH-W |
||
| 100 | _aBhadani, B.L | ||
| 245 | 0 | _aWater Harvesting, Conservation and Irrigation in Mewar(AD 800-1700) | |
| 250 | _a1st Ed. | ||
| 260 |
_c2012 _aNew Delhi _bManohar Publications & Distributions |
||
| 300 | _a257p. | ||
| 650 | _aArchitecture | ||
| 942 | _cBK | ||
| 999 |
_c7031 _d7031 |
||